El Petróleo y su incidencia en la economía nacional /
Sábháilte in:
| Príomhchruthaitheoir: | |
|---|---|
| Formáid: | Téacs |
| Clibeanna: |
Cuir clib leis
Níl clibeanna ann, Bí ar an gcéad duine le clib a chur leis an taifead seo!
|
MARC
| LEADER | 00000 a a2200000 04500 | ||
|---|---|---|---|
| 001 | 14296 | ||
| 003 | |||
| 040 | |||
| 100 | |a Bu de Bueso, Lucy | ||
| 245 | |a El Petróleo y su incidencia en la economía nacional / |c Lucy Bu de Bueso | ||
| 773 | |g volumen 3 -4, número 53 -54; páginas 209-219 | ||
| 999 | |c 38787 |d 38787 | ||
